Playable characters in BlazBlue by Picture - Statistics

General Stats
  • This quiz has been taken 32 times
  • The average score is 25 of 36
Answer Stats
Picture Answer % Correct
Jin Kisaragi
95%
Ragna the Bloodedge
95%
Jubei
90%
Noel Vermillion
90%
Hakumen
85%
Kokonoe
85%
Rachel Alucard
85%
Izanami
80%
Makoto Nanaya
80%
Mu 12
80%
Arakune
75%
Carl Clover
75%
Hazama
75%
Litchi Faye-Ling
75%
Nu 13
75%
Susanoo
75%
Taokaka
75%
Relius Clover
70%
Tsubaki Yayoi
70%
Yuuki Terumi
70%
Bullet
65%
Es
65%
Izayoi
65%
Mai Natsume
65%
Naoto Kurogane
65%
Nine the Phantom
65%
Platinum the Trinity
65%
Azrael
60%
Bang Shishigami
60%
Amane Nishiki
55%
Celica A. Mercury
55%
Iron Tager
55%
Lambda 11
55%
Hibiki Kohaku
50%
Kagura Mutsuki
50%
Valkenhayn R. Hellsing
50%
No matching quizzes found
Score Distribution
Percent of People with Each Score
Percentile by Number Answered
Your Score History
You have not taken this quiz